| 000 | 00965nac a22002891u 4500 | ||
|---|---|---|---|
| 008 | 170910t2000 njua frbd 001 0 eng d | ||
| 020 | _a0138912505 | ||
| 020 | _a9780138912505 | ||
| 040 |
_aEG-ScBUE _beng _cEG-ScBUE _dEG-ScBUE |
||
| 082 | 0 | 4 |
_a368.300973 _bBLA _222 |
| 100 | 1 | _aBlack, Kenneth. | |
| 245 | 1 | 0 |
_aLife & health insurance / _cKenneth Black, Harold D. Skipper. |
| 246 | 3 | _aLife and health insurance | |
| 250 | _a13th ed. | ||
| 260 |
_aUpper Saddle River : _bPrentice Hall, _cc.2000. |
||
| 300 |
_axviii, 1054 p. : _bill. ; _c26 cm. |
||
| 500 | _aRev. ed. of: Life insurance. 12th ed. c1994. | ||
| 500 | _aIndex : p. 1023-1054. | ||
| 500 | _aGlossary : p. 989-1021. | ||
| 504 | _aBibliography : p. 977-988. | ||
| 650 | 7 |
_aInsurance, Life _zUnited States. _2BUEsh |
|
| 650 | 7 |
_aInsurance, Health _zUnited States. _2BUEsh |
|
| 651 | _2BUEsh | ||
| 653 |
_bGGEN _cSeptember2017 |
||
| 700 | 1 |
_aSkipper, Harold D., _d1947- |
|
| 942 | _2ddc | ||
| 999 |
_c3869 _d3869 |
||